00353nam a2200133Ia 4500008004100000020001500041041001200056082001600068100001400084245007500098260002500173300000800198650001300206221030s9999 xx 000 0 und d a0070588856 aEnglish a105.23bBei aA. Beiser 0aSchaum`s Basic mathematics For Electricity & Electronicscby A. Beiser bTMHaNew Delhic2005 a205 aECE & EE